|
|
|
|
| LEADER |
00000cam a2200000 7i4500 |
| 001 |
0000076513 |
| 005 |
20181004093000.0 |
| 008 |
111030s2008 gw eng |
| 020 |
|
|
|a 3527314555 (hardback : alk. paper)
|
| 020 |
|
|
|a 3527621423 (e-book)
|
| 020 |
|
|
|a 9783527314553 (hardback : alk. paper)
|
| 020 |
|
|
|a 9783527621422 (e-book)
|
| 245 |
0 |
0 |
|a Plastic packaging [
|h [electronic resources]] :
|b interactions with food and pharmaceuticals
|c edited by Otto G. Piringer and A.L. Baner
|
| 246 |
3 |
0 |
|a Plastic packaging materials for food
|
| 250 |
|
|
|a 2nd ed
|
| 260 |
|
|
|a Weinheim :
|b Wiley-VCH ,
|c 2008
|
| 300 |
|
|
|a xviii, 614 p. :
|b ill. ;
|c 25 cm.
|
| 500 |
|
|
|a Previous ed.: published as Plastic packaging materials for food, 2000
|
| 504 |
|
|
|a Includes bibliographical referencesand index
|
| 650 |
|
0 |
|a Food
|x Packaging
|
| 650 |
|
0 |
|a Plastics in packaging
|
| 700 |
1 |
|
|a Baner, A. L. [
|q (Albert Lawrence)] ,
|e author
|
| 700 |
1 |
|
|a Piringer, O. G. [
|q (Otto G.)] ,
|e author
|
| 856 |
4 |
0 |
|3 Wiley Online Library
|u http://onlinelibrary.wiley.com/book/10.1002/9783527621422
|
| 999 |
|
|
|a 1000151368
|b Electronic Book
|c Electronic Resource
|e Gong Badak Campus
|